Gregory v Shepherds (a firm) (Record no. 65704)
[ view plain ]
| 000 -LEADER | |
|---|---|
| fixed length control field | 01439cam a2200217 4500 |
| 001 - CONTROL NUMBER | |
| control field | ABS63342 |
| 008 - FIXED-LENGTH DATA ELEMENTS--GENERAL INFORMATION | |
| fixed length control field | 000000n2000 000 0 eng u |
| 035 ## - SYSTEM CONTROL NUMBER | |
| System control number | (Sirsi) u110173 |
| 245 ## - TITLE STATEMENT | |
| Title | Gregory v Shepherds (a firm) |
| 260 ## - PUBLICATION, DISTRIBUTION, ETC. | |
| Date of publication, distribution, etc. | 2000 |
| 490 ## - SERIES STATEMENT | |
| Series statement | Estates Gazette |
| Volume/sequential designation | (0050) 16 December 2000, 100-107(8) |
| 520 ## - SUMMARY, ETC. | |
| Summary, etc. | CA 16 June 2000. In March 1989 Mr Gregory (G) contracted with a Spanish company for the purchase of an apartment. G subsequently instructed Shepherds (S), a firm of solicitors in Birmingham, to act for him over the purchase. A Spanish lawyer was also instructed at S's suggestion. The apartment was paid for but, due to the existence of a prior charge, G was not registered as the owner. The existence of the prior charge only came to light when G came to sell the property in 1991. The apartment could not be put up for sale until the charge had been vacated, in June 1999; the apartment was eventually sold in January 2000. G alleged that S had been negligent in failing to carry out the necessary searches and to ensure the Spanish lawyer had undertaken adequate searches before the purchase money was handed over. The trial judge rejected both contentions: G appealed. Appeal allowed. |
| 590 ## - LOCAL NOTE (RLIN) | |
| Local note | ABS |
| 650 ## - SUBJECT ADDED ENTRY--TOPICAL TERM | |
| Topical term or geographic name entry element | SOLICITORS |
| 650 ## - SUBJECT ADDED ENTRY--TOPICAL TERM | |
| Topical term or geographic name entry element | CONVEYANCING |
| 650 ## - SUBJECT ADDED ENTRY--TOPICAL TERM | |
| Topical term or geographic name entry element | FOREIGN PROPERTY |
| 650 ## - SUBJECT ADDED ENTRY--TOPICAL TERM | |
| Topical term or geographic name entry element | LIABILITY |
| 650 ## - SUBJECT ADDED ENTRY--TOPICAL TERM | |
| Topical term or geographic name entry element | NEGLIGENCE |
| 690 ## - LOCAL SUBJECT ADDED ENTRY--TOPICAL TERM (OCLC, RLIN) | |
| Topical term or geographic name as entry element | PROFESSIONAL PRACTICE-NEGLIGENCE-CASE LAW |
| 942 ## - ADDED ENTRY ELEMENTS (KOHA) | |
| Suppress in OPAC | 0 |
| Withdrawn status | Lost status | Source of classification or shelving scheme | Damaged status | Not for loan | Home library | Current library | Shelving location | Date acquired | Total Checkouts | Full call number | Barcode | Date last seen | Copy number | Price effective from | Koha item type |
|---|---|---|---|---|---|---|---|---|---|---|---|---|---|---|---|
| Dewey Decimal Classification | London | London | Journal article | 05/01/2001 | ABS63342 | 110173-1001 | 06/08/2019 | 1 | 06/08/2019 | Journal article |